Statystyki dla Pięć najbardziej kolistych państw świata

Kliknij tutaj aby rozwiązać quiz!

Ogólne statystyki

  • Ten quiz został rozwiązany 43 razy
  • Średni wynik to 2 z 5

Statystyki odpowiedzi

MiejscePaństwo% Poprawnych
5Polska
86%
4Watykan
67%
2Nauru
33%
1Sierra Leone
21%
3Zimbabwe
7%

Rozkład punktacji

Percentyl według liczby udzielonych odpowiedzi

Procent ludzi z każdym wynikiem

Twoja historia wyników

Nie rozwiązałeś tego quizu